000 01000nam a2200325 a 4500
001 4037610
003 OSt
005 20140310182821.0
008 980112s1992 wau 001 0 eng
010 _a 98103290
020 _a187798809X
040 _aDLC
_cDLC
050 0 0 _aRA 778
_b.B417 1994
082 0 0 _aM 646.7
_bB39 1994
100 1 _aBegoun, Paula.
245 1 0 _aDon't go to the cosmetics counter without me :
_ban eye opening guide to brand name cosmetics /
_cBegoun, Paula
260 _aSeattle
_bBeginning Press
_cc1994
300 _a225 p.
_c23 cm.
500 _aIncludes index.
521 _ahigh school to college student
526 _c0L-1700L
541 _j1
562 _e1
650 0 _aCosmetics.
650 0 _aBeauty, Personal.
740 0 _aDo not go to the cosmetics counter without me.
906 _a7
_bcbc
_corignew
_d2
_encip
_f19
_gy-gencatlg
942 _2lcc
_cBK
_kM
999 _c16401
_d16401